Statistiques concernant Langue française: le jeu des anagrammes

Cliquez ici pour prendre le quiz!

Statistiques générales

  • Ce quiz a été pris 650 fois
  • Le résultat moyen est 17 sur 20

Statistiques - réponses

InstructionDéfinitionRéponse% Correct
R V I E LLe roman en est unLivre
100%
Ajouter "H"Saison de janvierHiver
99%
Enlever "V"Pas demainHier
98%
Enlever "V"Qui a trop bu d'alcoolIvre
98%
Ajouter "C"Pas pauvreRiche
98%
Ajouter "V"Ne pas mourirVivre
98%
Enlever "L"Bord d'un fleuveRive
97%
Ajouter "E"Fruit rougeCerise
84%
Enlever "S"Comme l'œil d'un asiatique de l'estBridé
79%
Ajouter "S"Portés dans son cœurChéris
79%
Ajouter "B"CasseBrise
78%
Enlever "B"ParlerDire
78%
Ajouter "D"Restes d'un objet casséDébris
77%
Ajouter "A"Climat secAride
76%
Enlever "H"Situation difficileCrise
76%
Ajouter "P"PointilleusePrécise
76%
Enlever "P"Appelation d'un roiSire
75%
Enlever "E"Incursion rapide chez l'ennemiRaid
72%
Enlever "C"En médecine elle est "de sang"Prise
71%
Enlever "E"Provoque des contractionsCrispe
50%

Distribution des résultats

Percentile par nombre de réponses

% des personnes avec chaque résultat

Votre développement - résultats

Vous n’avez pas pris ce quiz